[Event "NED-GER m"]
[Site "Venlo"]
[Date "2000.08.25"]
[Round "2.4"]
[White "Hickl, Joerg"]
[Black "Nijboer, Friso"]
[Result "1-0"]
[WhiteElo "2573"]
[BlackElo "2537"]
[Annotator "Ribli,Z"]
[PlyCount "81"]
[EventDate "2000.08.24"]
[EventType "team"]
[EventRounds "4"]
[EventCountry "NED"]
[SourceTitle "CBM 079"]
[Source "ChessBase"]
[SourceDate "2000.11.21"]
[SourceVersion "1"]
[SourceVersionDate "2000.11.21"]
[SourceQuality "1"]
[WhiteTeam "Germany"]
[BlackTeam "Netherlands"]
[WhiteTeamCountry "GER"]
[BlackTeamCountry "NED"]

1. g3 Nf6 2. Bg2 g6 3. c4 Bg7 4. Nf3 O-O 5. O-O d6 6. Nc3 Nc6 7. d3 {Anstelle
dieser Fortsetzung konnte Weiß mit d2-d4 in die Königsindische Verteidigung
überleiten.} e5 8. Rb1 a5 9. a3 {Das ist ein wohlbekanntes Bild - wir haben
eine Stellung der Geschlossenen Sizilianischen Verteidigung vor uns.} Nd4 10.
b4 axb4 11. axb4 c6 12. Nd2 {Weiß vermeidet den Springertausch und kann den
Nd4 in der Folge mit e2-e3 verjagen.} (12. b5 Bg4 13. Bg5 (13. Nd2 d5 14. bxc6
bxc6 15. cxd5 cxd5 16. h3 Be6 17. Kh2 Qc7 18. Bb2 Rfb8 19. Qc1 h5 {0-1
Stanescu,C-Werner,V/Regensburg 1996/EXT 97 (53)}) (13. bxc6 bxc6 14. Be3 Nxf3+
15. exf3 Bf5 16. Rb3 Rb8 17. Ne4 d5 18. Rxb8 Qxb8 19. Nxf6+ Bxf6 20. cxd5 cxd5
21. d4 Rd8 {1/2-1/2 Relange,E-Nijboer,F/Pula 1997/CBM 57 ext (38)}) 13... Bxf3
14. Bxf3 Nxf3+ 15. exf3 h6 16. Bxf6 Bxf6 17. bxc6 bxc6 18. Rb7 Ra3 19. Qc2 Bg7
20. Rfb1 {1/2-1/2 Donaldson,J-Nijboer,F/Hertogenbosch 1999/CBM 73 ext (20)})
12... d5 13. Bb2 (13. b5 $5 Be6 14. Bb2 Re8 15. Re1 $1 h5 (15... Qa5 $5 16.
bxc6 bxc6 17. e3 Nf5 18. Nb3 Qb4 19. e4 $1 dxe4 20. Nxe4 {/\ Nbc5} Nxe4 21.
Bxe4 $14) 16. e3 Nf5 17. bxc6 bxc6 18. cxd5 cxd5 19. Nf3 $1 $14 {/\ e4, ><e5,
g5. Perez,R-Martin del Campo,R/Santa Clara 1997/Inf 71/[Nogueiras,J] (19)
Schwarz hat auf den ersten Blick ein starkes Zentrum, aber in Wirklichkeit ist
sein Pe5 schwach.}) 13... Be6 {Schwarz hat eine angenehme Stellung erreicht -
er hat ein starkes Zentrum und gutes Figurenspiel. Dennoch muss er vorsichtig
sein - Weiß hat starke Kontrolle über die ganze Zentrumsstellung.} 14. Re1 (14.
e3 Nf5 $11) 14... b5 $5 $11 {Damit führt Schwarz eine Klärung im Zentrum
herbei.} 15. cxb5 (15. e3 bxc4 (15... Nf5 16. e4 (16. cxb5 cxb5 17. Nxb5 Qb6
18. Nc3 Qxb4 $11) 16... dxe4 17. Ncxe4 Nxe4 18. Bxe4 Ra6 19. Nf3 Nd4 $11) 16.
dxc4 (16. exd4 exd4 17. dxc4 dxc3 18. Bxc3 $11) 16... Nf5 $11) 15... cxb5 16.
e3 Nc6 (16... Nf5 17. Nxb5 Qb6 $11) 17. Nxb5 Qb6 18. Nc3 Nxb4 {Die schwarze
Dame steht nur scheinbar gefährdet auf b6, Weiß kann die Opposition zum Rb1
nicht ausnutzen.} 19. Nf3 Nd7 20. Ng5 Rfb8 21. Nxe6 Qxe6 {Weiß hat das
Läuferppar, aber die schwarze Stellung ist sicher.} 22. Bf1 h5 23. d4 exd4 $2 {
[%mdl 16384] Dieser Zug ist nicht logisch - wenn der Gegner das Läuferpaar hat,
muss man die Stellung nach Möglichkeit geschlossen halten.} (23... e4 $11) {[#]
} 24. Nb5 $1 $14 (24. exd4 $6 Qf5 $11) 24... Qe4 (24... Ra2 25. Nxd4 Qf6 26.
Re2 $14) (24... dxe3 $2 25. Rxe3 Ne5 26. Nc7 $18 {[%cal Rc7e6,Rc7a8]}) 25. Bxd4
{Weiß hat die bessere Bauernstruktur - Schwarz hat ein grundsätzliches Problem
mit dem Isolani auf d5.} Bf8 26. Bg2 Qf5 27. Nc3 {[%csl Rd5]} Ra3 $2 (27... Nd3
$2 28. e4 dxe4 29. Bxe4 $18 {[%cal Re4d3,Re4f5]}) (27... Ra5 $142 $14) 28. Nxd5
$1 $16 {[%mdl 64] Durch diese kleine Kombination gewinnt Weiß mindestens einen
Bauern.} Rd3 (28... Nxd5 29. Rxb8 Nxb8 30. e4 $16) 29. Qe2 (29. Qc1 $5 Rxd4 (
29... Nxd5 30. e4 {[%csl Rf5][%cal Re4d5,Re4f5]} Qg4 (30... Nc3 31. Rxb8 $18)
31. h3 $18) 30. exd4 Nd3 (30... Nxd5 31. Rxb8 Nxb8 32. Re5 $18 {[%cal Re5d5,
Re5f5]}) 31. Qc2 Nxe1 32. Qxf5 gxf5 33. Rxe1 $16) 29... Rxd4 (29... Nxd5 30. e4
Rxb1 31. Rxb1 $18) 30. exd4 Nxd5 31. Rxb8 Nxb8 32. Qb5 {[%cal Rb5b8,Rb5d5]} Ne3
33. Qxb8 Nxg2 34. Re8 $1 $18 {Dieser Zug gewinnt sofort - Weiß muss nicht
einmal mehr das Endspiel mit Qualität mehr spielen.} (34. Kxg2 Qd5+ 35. Kg1
Qxd4 $16) 34... Nh4 35. Rxf8+ Kg7 36. Rg8+ Kh7 (36... Kf6 37. Qd8+ Ke6 38. Re8#
) 37. Rh8+ Kg7 38. gxh4 (38. Qf8+ Kf6 39. gxh4 $2 Qg4+ 40. Kf1 Qd1+ $11) 38...
Qg4+ 39. Kf1 Qd1+ 40. Kg2 Qg4+ 41. Qg3 {Das Bauernendspiel ist leicht gewonnen
für Weiß.} 1-0

[Event "FIDE-Wch k.o."]
[Site "Las Vegas"]
[Date "1999.07.31"]
[Round "1.1"]
[White "Wahls, Matthias"]
[Black "Cela, Altin"]
[Result "1-0"]
[WhiteElo "2580"]
[BlackElo "2520"]
[Annotator "Ribli,Z"]
[PlyCount "81"]
[EventDate "1999.07.31"]
[EventType "k.o."]
[EventRounds "7"]
[EventCountry "USA"]
[SourceTitle "CBM 072"]
[Source "ChessBase"]
[SourceDate "1999.10.01"]
[SourceVersion "1"]
[SourceVersionDate "1999.10.01"]
[SourceQuality "1"]

{[%mdl 8256]} 1. Nf3 {Das ist eine kleine Überraschung. Normalerweise spielt
der deutsche Grossmeister 1.e4. Ribli.} Nf6 2. c4 g6 3. g3 Bg7 4. Bg2 O-O 5.
O-O d6 6. Nc3 {Weiß könnte auch mit d2-d4 in die Königsindische Verteidigung
übergehen.} e5 7. d3 h6 {Schwarz verhindert die Möglichkeit Bc1-g5.} (7... Nc6
8. Rb1 a5 9. a3) 8. Rb1 a5 {Schwarz lässt den Gegner nicht so leicht 9.b4
spielen. Er möchte mindestens die offene a-Linie bekommen.} 9. a3 Nc6 10. b4
axb4 11. axb4 {Wir haben eine Grundstellung der Englischen Eröffnung. Weiß
entfaltet Initiative am Damenflügel, während die schwarze Stellung fest ist.}
Be6 12. b5 Ne7 13. Bb2 Qd7 14. Ra1 {Weiß bekommt Chancen in der a-Linie.} (14.
Re1 Bh3 15. Bh1 Ng4 16. Qb3 (16. d4 Qe6 $13) 16... Kh8 17. Nd5 Nxd5 18. cxd5 b6
19. Qc4 f5 20. Rec1 Rac8 21. Ra1 f4 22. Ra7 Rf7 23. Bg2 Bxg2 24. Kxg2 g5 25.
Qc6 {1/2-1/2 Vaganian,R-Wahls,M/GER-CupT 1992/EXT 97-B (48)}) 14... Bh3 {
Natürlich möchte Schwarz die weißfeldrigen Läufer tauschen.} 15. Qb3 (15. e4
Rxa1 16. Qxa1 Nh5 17. Ne1 Bxg2 18. Nxg2 f5 19. f3 c6 20. Qa7 d5 21. cxd5 cxd5
22. Qa2 Kh7 23. Nxd5 Nxd5 24. Qxd5 Qxd5 25. exd5 Rd8 26. Ne3 Nf6 27. Bxe5 Nxd5
28. Nc4 Ne3 29. Bxg7 Nxf1 30. Bf6 {1-0 Vaganian,R-Volke,K/Germany 1997/GER-chT
(52)}) 15... Qe6 {[%cal Gf6d7,Gd7c5] Schwarz macht das Feld d7 für seinen
Springer frei.} (15... Bxg2 16. Kxg2 Qe6 17. Rxa8 (17. e4 c6 $1 18. Rxa8 Rxa8
19. Ra1 Rxa1 20. Bxa1 Nd7 21. Bb2 (21. Na4 f5 $13) 21... Nc5 22. Qc2 Qd7 $1 23.
Bc1 Ne6 24. Qa4 Nc5 25. Qc2 f5 26. Be3 Ne6 27. bxc6 bxc6 {1/2-1/2 Nesterov,
J-Nevednichy,V/Tiraspol 1994/CBM 40/[Ribli] (63)}) 17... Rxa8 18. Nd2 Nd7 19.
Ra1 Rxa1 20. Bxa1 Nc5 21. Qa2 Qc8 22. Nde4 Nxe4 23. Nxe4 b6 24. Qa7 {1-0
Dzindzichashvili,R-Henao,R/St.Martin 1991/EXT 97 (34)}) (15... Rab8 16. Ra7 $14
{Antunes,A-Hernandez,Gi/Sevilla op/1992/CBM29/}) (15... Nh5 16. Rxa8 Rxa8 17.
Ra1 Rxa1+ 18. Bxa1 Bxg2 19. Kxg2 Qg4 20. e3 Qf5 21. Ne4 Qe6 22. Nc3 Qf5 23. b6
cxb6 24. Ne4 {1-0 Wessman,R-Southam,T/New York 1992/TD (37)}) 16. Nd2 Bxg2 17.
Kxg2 Nd7 {Der Springer strebt nach c5 und im folgenden kann Schwarz ...f7-f5
ziehen.} (17... Nh7 18. Nd5 Nxd5 19. cxd5 Qe7 20. Rfc1 Nf6 21. Qc4 Rxa1 22.
Rxa1 Rb8 23. Ra7 Ne8 24. Ba3 h5 25. b6 {1/2-1/2 Thiede,L-Laske,M/OLNO 1993/EXT
97-B (40)}) 18. Ra3 $146 {[%cal Gf1a1,Ga1a8] Dieser logische Zug ist eine
Neuerung. Weiß bereitet die Verdoppelung der Türme in der a-Linie vor.} (18.
Ba3 f5 19. c5 Nxc5 20. Bxc5 Qxb3 21. Nxb3 dxc5 22. Nxc5 Rxa1 23. Rxa1 e4 24.
Ra3 exd3 25. Nxd3 {1/2-1/2 Reschke,S-Bartels,F/Giessen 1995/GER (80)}) (18.
Rxa8 $5 Rxa8 19. Ra1) 18... Rab8 (18... Nc5 19. Qa2) 19. Rfa1 (19. Ra7 Nc8 $11
(19... Ra8 20. Rfa1 (20. Rxb7 $4 Nc5 $19 {[%cal Rc5b3,Rc5b7]}) 20... Rxa7 21.
Rxa7 Nc8 $11)) 19... f5 20. Ra7 $11 {[%cal Ga1a7] Weiss beherrscht die a-Linie
und hat etwas Raumvorteil am Damenflügel. Anderseits besitzt Schwarz seine
Gegenchancen im Zentrum und am Königsflügel.} e4 $5 $132 {[%cal Ge4e3] Schwarz
öffnet die Diagonale des g7-Läufers und bekommt Gegenchancen.} (20... Nc5 21.
Qc2 $11) 21. dxe4 (21. Nd1 Nc5 22. Qc2 Bxb2 23. Nxb2 $11) 21... Nc5 22. Qc2
fxe4 23. Nd1 {Weiss muss den Zug e4-e3 verhindern.} (23. R1a2 $2 e3 $15) (23.
Ncxe4 $4 Nxe4 24. Bxg7 Rxf2+ $19) 23... Bxb2 24. Qxb2 Nf5 {[%cal Ge4e3]} 25.
Qc3 Rbe8 {Schwarz hat eine gesunde Stellung. Er plant den Zug ...e4-e3.} 26.
Nb3 Nd3 $5 $13 {Ein schöner Zug.} (26... Nxb3 27. Qxb3 Rf7 $13 (27... e3 28. f3
$14) 28. Rxb7 Nd4 29. Qa2 e3 $8 $36) 27. h3 (27. exd3 Nh4+ 28. gxh4 Qg4+ 29.
Kh1 (29. Kf1 Qh3+) 29... Qf3+ 30. Kg1 {Und Schwarz hat mindestens Dauerschach
oder kann mit 30...e3 den Angriff fortsetzen.}) 27... Nh4+ {Ein unerwartetes
Opfer. Schwarz hat gute Angriffschancen, aber ich bin nicht völlig überzeugt,
dass das Opfer ganz korrekt ist.} 28. gxh4 Nf4+ 29. Kf1 $8 e3 {[%csl Rf1][%cal
Re6h3,Rh3f1]} 30. Nxe3 $2 (30. Qxe3 $1 {Schwarz hat Angriffschancen, aber ich
glaube, seine Kompensation ist nicht ausreichend.} Qxc4 31. Na5 Qxb5 (31... Qd5
32. Qb3) (31... Rxe3 32. Nxc4) 32. Qb3+ {[%cal Rb3b5,Rb3g8]}) 30... Nxh3 $40
31. Ke1 Nxf2 32. Ra8 $2 (32. Rxb7 Qxe3 33. Qxe3 Rxe3 $13) 32... Rxa8 $2 (32...
Ng4 $1 {[%csl Re1,Re2][%cal Ge8e1]} 33. Rxe8 Rxe8 $19) (32... Qxe3 33. Qxe3
Rxe3 34. Rxf8+ Kxf8 35. Kxf2 Rxb3 36. Ra7 (36. Ra8+ Ke7) 36... Rb4 37. Rxb7
Rxc4 $17) 33. Rxa8 Rxa8 34. Kxf2 Rf8+ {Weiss hat zwei Springer gegen Turm und
Bauern, aber Schwarz hat einige Angriffschancen.} (34... Qh3 $5 $13) 35. Ke1
Qe4 $15 {[%csl Re1,Ge4][%cal Re4h4] Die schwarze Dame ist gut zentralisiert
und der weisse König steht etwas unsicher.} 36. Kd2 Qxh4 37. Qd3 Kg7 $6 (37...
Kh7 $15) 38. Nd4 {[%csl Rg7][%cal Rd4e6,Re6g7,Re6f8]} Qh3 $4 {Ein unglaublich
schwerer Fehler in unklarer Stellung.} (38... Rf7) 39. Nef5+ $18 {[%cal Rf5g7,
Rd3h3]} Qxf5 40. Nxf5+ Rxf5 41. Qd4+ {Und Schwarz gab in völlig hoffnungsloser
Lage auf.} (41. Qd4+ Re5 42. c5 $1 $18) 1-0

[Event "Tatran Cup"]
[Site "Stary Smokovec"]
[Date "1991.??.??"]
[Round "7"]
[White "Plachetka, Jan"]
[Black "Sokolov, Ivan"]
[Result "0-1"]
[WhiteElo "2470"]
[BlackElo "2570"]
[Annotator "Ribli,Z"]
[PlyCount "84"]
[EventDate "1991.10.??"]
[EventType "tourn"]
[EventRounds "9"]
[EventCountry "CSR"]
[EventCategory "10"]
[SourceTitle "CBM 026"]
[Source "ChessBase"]
[SourceDate "1992.02.01"]
[SourceVersion "1"]
[SourceVersionDate "1992.02.01"]
[SourceQuality "1"]

1. c4 e5 2. Nc3 Nc6 3. g3 g6 4. Bg2 Bg7 5. Nf3 $6 d6 6. O-O f5 $1 7. d3 Nf6 8.
Rb1 O-O 9. b4 h6 10. b5 Ne7 11. a4 (11. c5 $6 Be6 12. Ba3 g5 $1 (12... b6 13.
cxd6 cxd6 14. e4 g5 15. exf5 Nxf5 16. h3 Rc8 17. Rc1 Qd7 18. Qd2 $13 {Ballmann,
M-Klauser,M Lenk 1991 EXP/24}) 13. cxd6 cxd6 14. Qa4 Rf7 15. Rbc1 Bf8 16. Nd2
Ng6 17. Nc4 d5 18. Na5 Qb6 19. Bxf8 Raxf8 20. Qb4 f4 21. Na4 Qd8 22. b6 a6 23.
a3 h5 $36 {Georges,S-Lukasiewicz,G Bern op 1991 EXP/21}) (11. Nd2 $5) 11... g5
(11... Be6 $1 12. Ba3 (12. Nd2 d5 $1) 12... Rc8 13. Nd2 b6 14. e3 g5 $36 {
Psakhis,L-Kasparov,G Murcia m 1990 CBM/20 50/25}) 12. a5 (12. Nd2 Rb8 13. Ba3
Be6 $13 {Raicevic-Minic Sombor 1974 18/39}) 12... Be6 13. Nd2 Rb8 14. Ba3 b6
15. Bb4 g4 16. Ra1 h5 17. axb6 axb6 18. e3 f4 $1 19. exf4 exf4 20. Re1 Bf5 21.
Nb3 f3 22. Bf1 h4 $1 $36 23. Ra2 hxg3 24. fxg3 Qd7 25. Qd2 Rbe8 26. d4 Ng6 27.
Rxe8 Rxe8 28. Ra1 Kh7 29. Re1 Bh6 30. Qf2 Re7 31. Ba3 Rxe1 32. Qxe1 d5 $1 33.
cxd5 Nxd5 34. Bc1 Qe7 $1 35. Qxe7+ Ngxe7 36. Nxd5 Nxd5 37. Kf2 Bxc1 38. Nxc1
Nc3 39. Ke3 Bd7 40. Nd3 Bxb5 41. h3 $2 Nd1+ 42. Kd2 gxh3 0-1

[Event "Lazne Bohdanec"]
[Site "Lazne Bohdanec"]
[Date "1996.??.??"]
[Round "11"]
[White "Jirovsky, Milos"]
[Black "Stocek, Jiri"]
[Result "0-1"]
[WhiteElo "2420"]
[BlackElo "2465"]
[Annotator "Ribli,Z"]
[PlyCount "46"]
[EventDate "1996.01.??"]
[EventType "tourn"]
[EventRounds "11"]
[EventCountry "CZE"]
[EventCategory "10"]
[SourceTitle "CBM 051"]
[Source "ChessBase"]
[SourceDate "1996.04.01"]
[SourceVersion "1"]
[SourceVersionDate "1996.04.01"]
[SourceQuality "1"]

1. Nf3 Nc6 2. c4 e5 3. Nc3 Nf6 4. g3 g6 5. Bg2 Bg7 6. O-O O-O 7. d3 d6 8. Rb1
a5 9. a3 Re8 (9... h6 $5) 10. Bg5 h6 11. Bxf6 Bxf6 12. b4 axb4 13. axb4 Bg7 14.
b5 Ne7 15. Nd2 $2 {Einer bekannte Fehler.} (15. Qc2 c6 16. Nd2 d5 17. bxc6 bxc6
18. Rfc1 Be6 19. Na4 $36 {Vaganian,R-Gallegher,J/Biel/1994/CBM43/}) 15... e4 $1
16. Qb3 $146 (16. Qc2 e3 17. fxe3 Nf5 18. Nd1 h5 $44 {Vaganian,R-Lautier,J/
Manila izt/1990/INF49,39/CBM19/}) (16. Ncxe4 f5 $19) 16... e3 17. fxe3 Nf5 18.
e4 (18. Nd1 h5 $44) 18... Ne3 19. Rfe1 (19. Rf3 Qg5 {Droht /\ Nxg2 ><d2 oder
Qc5 /^ g1-c5.}) 19... Qg5 $44 {Droht /\ Nxg2 ><d2 oder Qc5 /^ g1-c5.} 20. Nf1
$2 {Das verliert sofort. Allerdings faellt es nicht leicht, dem Anziehenden
einen guten Rat zu geben.} Nxf1 21. Rxf1 (21. Kxf1 Qf6+ $19) (21. Bxf1 Qc5+ 22.
Kg2 Ra3 $19) 21... Qc5+ 22. Kh1 Ra3 23. Na4 Rxb3 {Wenn jemand die Eroeffnungen
gut kennt, dann kann er auch den Punkt sehr leicht kassieren, aber das geht
auch umgekehrt. Ribli} 0-1

[Event "NED-ch45"]
[Site "Hilversum"]
[Date "1990.06.16"]
[Round "5"]
[White "Bosboom, Manuel"]
[Black "Piket, Jeroen"]
[Result "0-1"]
[WhiteElo "2425"]
[BlackElo "2495"]
[Annotator "Ribli,Z"]
[PlyCount "86"]
[EventDate "1990.06.11"]
[EventType "tourn"]
[EventRounds "11"]
[EventCountry "NED"]
[EventCategory "9"]
[SourceTitle "CBM 019"]
[Source "ChessBase"]
[SourceDate "1990.12.01"]
[SourceVersion "1"]
[SourceVersionDate "1990.12.01"]
[SourceQuality "1"]

1. c4 g6 2. Nc3 Bg7 3. g3 Nf6 4. Bg2 O-O 5. Nf3 d6 6. O-O e5 7. d3 Nc6 8. Rb1
a5 9. a3 h6 10. b4 axb4 11. axb4 Be6 12. b5 Ne7 13. Bb2 Qd7 14. Qb3 (14. Ra1
Bh3 15. Qc2 Rab8 16. Rfc1 Bxg2 17. Kxg2 Nh5 18. Qb3 Kh7 19. Nd5 f5 20. Ra4 Nxd5
21. cxd5 Qf7 {Gurevich,M-Piket,Je Wijk 1990 CBM 17}) 14... Bh3 15. Ra1 Nh5 16.
Rfc1 Bxg2 17. Kxg2 f5 18. c5+ Kh7 19. cxd6 cxd6 20. Rxa8 Rxa8 21. Ba3 Nf6 22.
Nd2 Nc8 23. Qb4 Qe6 24. e4 f4 $1 25. Nf3 g5 26. h3 fxg3 27. fxg3 Nh5 28. Nh2
Ne7 $1 29. Qxd6 Qb3 30. Nb1 Qa2+ 31. Kg1 Nxg3 32. Re1 Ng6 33. Bb4 Qf7 34. Qd5
Qxd5 35. exd5 Nf4 36. Bd6 Nxd3 37. Re3 Nf5 38. Rxd3 Nxd6 39. Na3 e4 40. Rb3
Bd4+ 41. Kg2 Bc5 42. Nb1 Ra2+ 43. Kh1 e3 {Ribli} 0-1

[Event "Bundesliga 0203"]
[Site "Germany"]
[Date "2003.01.12"]
[Round "9.5"]
[White "Wahls, Matthias"]
[Black "Dinstuhl, Volkmar"]
[Result "0-1"]
[WhiteElo "2539"]
[BlackElo "2416"]
[Annotator "Ribli,Z"]
[PlyCount "82"]
[EventDate "2002.10.19"]
[EventType "team-tourn"]
[EventRounds "15"]
[EventCountry "GER"]
[SourceTitle "CBM 093"]
[Source "ChessBase"]
[SourceDate "2003.04.01"]
[SourceVersion "1"]
[SourceVersionDate "2003.04.01"]
[SourceQuality "1"]
[WhiteTeam "Hamburger SK"]
[BlackTeam "Wattenscheid"]
[WhiteTeamCountry "GER"]
[BlackTeamCountry "GER"]

1. c4 g6 2. Nc3 Bg7 3. g3 d6 4. Bg2 e5 5. d3 f5 6. e4 {Diese Spielweise ist
sehr populär in der letzten Zeit. Weiß beschäftigt sich nicht mit der
Schwächung des Feldes d4, er möchte lieber d5 überdecken. Später wird exf5
möglich und der Bg2 bekommt aktives Spiel. Im Falle von fxe4 spielt Weiß dxe4
und drückt wiederum gegen d5.} Nh6 {Auf den ersten Blick eine sonderbare
Springerentwicklung. Aber der Zug hat seine Ideen - Schwarz möchte die f-Linie
frei halten und in einigen Varianten muss Weiß mit dem Bauernopfer f5-f4
rechnen. Die andere Idee des Springerzugs ist, dass im Falle von exf5 Schwarz
die Möglichkeit hat, Nxf5 zu spielen und das Feld d4 zu besetzen. Aber nach
meiner persönlichen Meinung ist die Alternative 6...Nf6 sicherer.} (6... Nf6 7.
Nge2 O-O 8. O-O Nc6 9. Nd5 Be6 10. Bg5) 7. Nge2 (7. h4 $5 {Später spielt Weiß
diese Fortsetzung, aber das kommt hier auch in Betracht.}) 7... Nc6 8. h4 {
Eine starke Fortsetzung - Weiß möchte entweder Bg5 ziehen oder h4-h5 spielen.
Der Nachteil der Springerentwicklung auf h6 ist, dass Schwarz jetzt weder 8...
h6 noch 8...h5 ziehen kann.} Be6 {Ein natürlicher Entwicklungszug, aber 8...
fxe4!? kommt stark in Betracht.} (8... Nf7 9. h5 g5 10. exf5 (10. f4 gxf4 11.
gxf4 Rg8 12. Nd5 Bh8 13. Kf1 Be6 14. Qb3 Qc8 15. Bd2 Ncd8 16. Re1 c6 17. exf5
Bxf5 18. Ne3 {1-0 McNab,C-Howell,J/Isle of Lewis 1995/EXT 2001 (36)}) 10...
Bxf5 11. Bd5 $5 h6 12. Be3 Qd7 13. Qb3 $2 (13. Qd2) 13... Nd4 $1 14. Bxd4 exd4
15. Qxb7 O-O 16. Bc6 Qe6 17. Bd5 Qf6 {1/2-1/2 Portisch,L-Sax,G/Tilburg 1979/
MCL/[Bulletin] (46)}) (8... O-O 9. Bg5 Qd7 10. Nd5 Nf7 11. Be3 Ncd8 12. h5 c6
13. hxg6 hxg6 14. Ndc3 Ne6 15. exf5 gxf5 16. Qd2 {1-0 Chernin,A-Kupreichik,V/
Riga 1985/URS-ch (40)}) (8... fxe4 $5 9. Bg5 Qd7 10. dxe4 (10. Bxe4 Nf5 11. Nd5
h6 12. Bd2 O-O 13. g4 $5 Nfd4 14. Nxd4 Nxd4 15. g5 $1 Qf7 16. Be3 Bf5 {0-1
Psakhis,L-Svidler,P/Haifa 1995/CBM 46/[Svidler] (45)}) 10... Qf7 11. Nd5 Nd4
12. Nxd4 exd4 13. h5 Ng4 14. f3 c6 15. fxg4 cxd5 16. Rf1 Qe6 17. cxd5 Qxg4 18.
Qxg4 Bxg4 19. Kd2 Be5 {1/2-1/2 Delchev,A-Grigore,G/Budapest 2000/CBM 78 (25)})
9. Bg5 {Der Läuferzug kommt mit Tempo, aber die Alternative 9.Nd5 scheint mir
stärker.} (9. Nd5 Nf7 10. Be3 Qd7 11. h5 (11. Qd2 Bxd5 12. cxd5 Ne7 13. Rc1 c6
14. dxc6 bxc6 15. h5 Rb8 16. hxg6 hxg6 17. Rxh8+ Bxh8 18. exf5 gxf5 19. d4 e4
20. b3 Nd5 {0-1 Laustsen,L-Pedersen,C/Copenhagen 2001/CBM 83 ext (43)}) 11...
gxh5 $6 (11... Bxd5 12. cxd5 Ne7) 12. Rxh5 fxe4 13. Bxe4 h6 14. Qb3 $14 {
1/2-1/2 Adorjan,A-Ribli,Z/Budapest 1979/IZT (24)}) 9... Qd7 10. Nd5 {[%csl Yd5]
Der Springer steht sehr aktiv auf d5. Das d5-Feld hat in dieser Variante sehr
große Bedeutung.} Ng8 (10... O-O 11. Qd2 Nf7 12. Nf6+ (12. exf5 Bxf5 13. Bf6
Bh6) 12... Bxf6 13. Bxf6 $14 {[%csl Gf6]}) 11. Qb3 (11. h5 $1 h6 12. Be3 g5 13.
exf5 Bxf5 14. Qb3 $14) 11... Rb8 12. O-O-O $14 {Es ist nicht so typisch, dass
Weiß (oder Schwarz) auf die langen Seite in der Englischen Eröffnung rochiert.
Aber der Textzug ist nicht schlecht - der weiße König steht in Sicherheit.} (
12. h5 $1 $14 {Dieser Zug scheint mir noch besser als die Partiefortsetzung.})
12... h6 13. Be3 Nf6 14. exf5 Bxf5 15. Nxf6+ Bxf6 16. Bd5 {[%csl Gd5,Re8] Nach
diesem Läuferzug ist es schwer fuer Schwarz seinen Koenig in eine sichere
Stellung zu bringen.} (16. h5 Bg4 (16... g5 17. d4 $14) 17. f3 $16) 16... Kf8
17. f3 {[%cal Gg3g4]} (17. h5 g5 18. f4 $36) 17... Kg7 (17... b5 18. c5 $16)
18. g4 Be6 19. Nc3 $6 {[%mdl 16384] Weiß möchte d5 kontrollieren, aber die
Alternative 19.g5! bietet Weiß großen Positionsvorteil. Mit dem Textzug geht
der weiße Vorteil verloren.} (19. g5 $1 hxg5 20. hxg5 Be7 21. Rxh8 Kxh8 (21...
Rxh8 22. Qxb7 $18) 22. d4 $16) 19... Nd4 $1 $132 {Nach diesem Zug bekommt auch
Schwarz seine Chancen.} 20. Bxd4 (20. Qa3 c6 $13 (20... Bxd5 $6 21. Nxd5 Nxf3
22. Rdf1 Qxg4 23. Nxf6 Kxf6 24. Rhg1 Qh3 25. Qa5 {[%cal Ra5d5,Rd5f3]} c6 26.
Qc7 $16)) 20... exd4 21. Bxe6 (21. Ne4 Be5 $132) 21... Qxe6 22. Nd5 (22. Ne4
Be5 $132 {[%csl Yf4]}) 22... c6 23. Nxf6 Qxf6 $15 {Schwarz hat einen
Doppelbauern auf der d-Linie, aber Raumvorteil und der weiße f-Bauer ist eine
reale Schwäche.} 24. h5 g5 {Jetzt steht der schwarze Koenig schon in voller
Sicherheit.} 25. Rde1 Rhf8 26. Rhf1 Rf7 {[%csl Rf3][%cal Gf7f3] Früher oder
später wird Pf3 fallen. Schwarz verteidigt vorher den b7-Bauern und befreit so
den Rb8.} 27. Qd1 b5 $1 28. cxb5 (28. b3 a5 $17) 28... Rxb5 {[%csl Gb5][%cal
Gb5e5]} 29. Re2 Re5 {Schwarz hat positionelles Übergewicht - es droht die
Turmverdoppelung auf der e-Linie oder direkt Re3.} 30. Rxe5 Qxe5 $17 {[%csl
Ge5,Gf7][%mdl 4096] Die schwarze schwere Artillerie ist viel aktiver als die
weiße. Es droht noch nichts Konkretes, aber die weiße Stellung ist positionell
schlecht.} 31. Kb1 Re7 {[%cal Ge7e1]} 32. f4 $2 {Mit diesem Zug hilft Weiß dem
Gegner. Aber die Alternative - Verteidigung mit passiven Wartezügen - ist auch
nicht rosig für Weiß.} (32. a3 c5 33. Ka2 $17) 32... gxf4 33. Qf3 {[%cal Rf3f4,
Rf3c6] Weiß gewinnt den Bauern zurück, aber der f4P entscheidet die Partie.}
Rf7 34. Qxc6 f3 $19 {[%csl Gf3]} 35. Qe4 Qxe4 36. dxe4 Rf4 {[%csl Rf1,Gf3,Gf4,
Gg7][%cal Gg7f6,Gf6e5,Gf6g5] Im Turmendspiel steht Schwarz auf Gewinn: Das
liegt vor allem an dem Unterschied zwischen der Aktivität der weißen und der
der schwarzen Figuren.} 37. Kc2 Kf6 38. Kd3 Ke5 39. Rf2 Rf6 40. b4 Kf4 {
[%cal Rf4g3,Rg3f2] droht 41...Kg3 und 41...Re6.} 41. Kxd4 Re6 0-1